000 00608nam a2200193 4500
001 127938
003 ES-MaACL
007 t|
008 070214s1962 mx r ||||1| spa d
100 1 _aRíos, Eduardo Enrique.
_997362
245 1 0 _aFelipe de Jesús
_b: el santo criollo /
_cEduardo Enrique Ríos.
250 _a4ª. ed.
260 _aMéxico :
_bJus,
_c1962.
300 _a103 p., 1 lám. ;
_c24 cm.
490 1 _aFiguras y episodios de la historia de México
830 0 _aFiguras y episodios de la historia de México
_9181876
852 _aES-MaACL
_jE-9435
_bR.94188
999 _c127938
_d127938